The Rainbow Renegades: a series of Toy Designs for Gender-Fluid Superheroes redefining Heteronormativity of Action Figures. (Record no. 80791)

MARC details
000 -LEADER
fixed length control field 01690nam a22002297a 4500
003 - CONTROL NUMBER IDENTIFIER
control field URS
005 - DATE AND TIME OF LATEST TRANSACTION
control field 20251015081314.0
008 - FIXED-LENGTH DATA ELEMENTS--GENERAL INFORMATION
fixed length control field 240917b |||||||| |||| 00| 0 eng d
040 ## - CATALOGING SOURCE
Transcribing agency URS
050 ## - LIBRARY OF CONGRESS CALL NUMBER
Classification number BVC00004
100 ## - MAIN ENTRY--PERSONAL NAME
Relator code author
Personal name Lagrana, Jedric C.
245 ## - TITLE STATEMENT
Title The Rainbow Renegades: a series of Toy Designs for Gender-Fluid Superheroes redefining Heteronormativity of Action Figures.
260 ## - PUBLICATION, DISTRIBUTION, ETC.
Date of publication, distribution, etc. 2024:
Place of publication, distribution, etc. Angono, Rizal
300 ## - PHYSICAL DESCRIPTION
Extent viii, 117 p. ; 30 cm.
520 ## - SUMMARY, ETC.
Summary, etc. This study looks at how superhero toys are changing to include different gender identities. These toys let kids be more flexible in how they see themselves and others. By having characters who aren’t strictly boys or girls, this study shows that everyone is unique. This helps kids explore different sides of themselves without feeling limited by old ideas about what boys and girls should like. It’s not just kids who benefit—grown-ups also learn to accept people for who they are when they see diverse characters in toys. Moreover, the impact of these toys extends beyond childhood, influencing the perceptions and attitudes of adults towards gender and identity formation. Through increased representation, these toys contribute to a more accepting and understanding society, promoting empathy and tolerance among individuals of all ages.<br/>
700 ## - ADDED ENTRY--PERSONAL NAME
Relator code author
Personal name Manzanares, Lei Ayra S.
700 ## - ADDED ENTRY--PERSONAL NAME
Relator code author
Personal name Tanchoco, Samantha Julianne A.
700 ## - ADDED ENTRY--PERSONAL NAME
Relator code author
Personal name Umali, Jericho M.
856 ## - ELECTRONIC LOCATION AND ACCESS
Materials specified Online Request for Student Unpublished Works
Uniform Resource Identifier <a href="https://forms.gle/7LqvGGkaDrUQqz429">https://forms.gle/7LqvGGkaDrUQqz429</a>
856 ## - ELECTRONIC LOCATION AND ACCESS
Uniform Resource Identifier <a href="https://drive.google.com/drive/folders/1QtSDUjS8zsF-LIb4vSzexqIeiBraOPpz?usp=sharing">https://drive.google.com/drive/folders/1QtSDUjS8zsF-LIb4vSzexqIeiBraOPpz?usp=sharing</a>
942 ## - ADDED ENTRY ELEMENTS (KOHA)
Source of classification or shelving scheme Library of Congress Classification
Koha item type Theses and dissertations
Holdings
Withdrawn status Source of classification or shelving scheme Damaged status Not for loan Home library Current library Date acquired Total Checkouts Full call number Barcode Date last seen Price effective from Koha item type
  Library of Congress Classification     Angono College Library Angono College Library 09/17/2024   BVC00004 BVC00004 09/17/2024 09/17/2024 Theses and dissertations

University of Rizal System
Email us at univlibservices@urs.edu.ph

Visit our Website www.urs.edu.ph/library